000 00350nam a2200169Ia 4500
100 _aBeckwith/Thomas G
650 _aMechanical
250 _a6
942 _cBK
366 _f25
245 _aMechanical measurements
260 _bPearson Eduation
_c2007
082 _a621
_bBEC
300 _a783
546 _aENGLISH
_cInfo.Tech
999 _c18888
_d18888